Le normae del tribunale della rota romana

Gespeichert in:
Bibliographische Detailangaben
Hauptverfasser: Bonnet, Piero Antonio (VerfasserIn), Gullo, Carlo (VerfasserIn)
Format: Buch
Sprache:Italienisch
Veröffentlicht: Ciudad del Vaticano Editrice Vaticana 1997
Schriftenreihe:Studi Giuridici, 42
Schlagworte:
Tags: Tag hinzufügen
Keine Tags, Fügen Sie den ersten Tag hinzu!

MARC

LEADER 00000nam a2200000 a 4500
001 UCR7285
003 CL-VaPUC
008 980514e19970000VC |||||||||||||||||ita|d
082 0 4 |a 262.9  |b BON  |2 21 
100 |a Bonnet, Piero Antonio  |e author  |9 297385 
700 |a Gullo, Carlo  |e author  |9 621350 
245 1 3 |a Le normae del tribunale della rota romana 
300 |a 309 p 
942 |c BK 
945 |d 19980514 00:00:00  |a mvenant 
260 |a Ciudad del Vaticano  |b Editrice Vaticana  |c 1997 
650 7 |a DERECHO CANONICO  |2 CL-VaPUC  |9 408596 
650 0 |a Tribunales eclesiásticos  |9 254931 
650 7 |a NORMAS  |2 CL-VaPUC  |9 259606 
583 |a last modification  |c 19980514 00:00:00  |k Rodrigo Vera 
490 0 |a Studi Giuridici, 42 
999 |c 269018  |d 269016 
952 |0 0  |1 0  |4 0  |6 262_900000000000000_BON_1997  |7 0  |8 A  |9 302604  |a BIBDER  |b BIBDER  |d 2019-11-20  |i 3424901  |o 262.9 BON 1997  |p 3424901  |r 2023-01-25  |w 2019-11-20  |y BK  |k DER